000 00752nam a22002537a 4500
003 UA-OsUOA
001 21793
007 ta
008 20031213b un ||||| |||| 00| 0 ukr d
100 _aБезруков Н. Н.
090 _a004.49 (035)
_bБ40
942 _cBK
040 _aUA-OsUOA
_brus
_cUA-OsUOA
_dUA-OsUOA
245 _aКомпьютерная вирусология
_bСправочное руководство
300 _a416 с.
_bІлюстрації
955 _a0
041 _arus
080 _a004.49 (035)
020 _a5-88500-031-Х
260 _aКиев
_bУкраинская советская энциклопедия имени М.П. Бажана
_c1991
044 _aRU
650 7 _2UDC
999 _c308000
_d308000